000
00327 a2200145 4500
001
156901
020
_a
9788580632019
040
_c
Escola São Tomás de Aquino
100
_a
BELINKY, Tatiana
240
1
0
_a
O patinho feio
_l
por
245
1
0
_a
O patinho feio
362
0
_a
2015
697
_a
*LITERATURA INFANTO
942
_c
BK
999
_c
156901
_d
156901